Disney Lyrics - Statistics

General Stats
  • This quiz has been taken 396 times
  • The average score is 12 of 25
Answer Stats
Lyrics Film % Correct
What's that word again? The Little Mermaid
85%
But she won't discover that it's him 'til chapter three Beauty and the Beast
82%
Forget about your worries and your strife The Jungle Book
82%
Yes, my teeth and ambitions are bared, be prepared The Lion King
77%
No matter how your heart is grieving Cinderella
76%
What can I say except "you're welcome"? Moana
75%
'Cause everybody digs a swingin cat The Aristocats
73%
Like a lotus blossom, soft and pale Mulan
72%
And it's like the fog has lifted Tangled
69%
Every moment red letter Aladdin
68%
You can't step in the same river twice Pocahontas
66%
And everywhere gigantic brutes called Titans ran amok Hercules
63%
And as the years go by our friendship will never die Toy Story
63%
Think of the happiest things, it's the same as having wings Peter Pan
52%
If you're going my way I wanna drive it all night long Cars
47%
A sweep is as lucky as lucky can be Mary Poppins
34%
Trust your heart, let fate decide Tarzan
34%
Won't resent, won't despair, old and bent, I won't care The Hunchback of Notre Dame
25%
All the flowers would have very extra-special powers Alice in Wonderland
20%
If I were a rich man with a million or two Monsters, Inc.
19%
And since I am dead, I can take off my head to recite Shakespearean quotations The Nightmare Before Christmas
19%
Heave ho, thieves and beggars, never shall we die Pirates of the Caribbean: At World's End
12%
'Til mine is the only face you see, gonna stand out till you notice me A Goofy Movie
11%
Why don't you do right, like some other men do? Who Framed Roger Rabbit?
3%
Gather 'round and I'll elucidate what goes on outside when it gets late The Adventures of Ichabod and Mr. Toad
1%
No matching quizzes found
Score Distribution
Percent of People with Each Score
Percentile by Number Answered
Your Score History
You have not taken this quiz